LEADER 02689nam 2200685 a 450 001 9910970862903321 005 20230405201603.0 010 $a1-350-87791-3 010 $a1-283-20261-1 010 $a9786613202611 010 $a1-4411-1006-2 024 7 $a10.5040/9781350877917 035 $a(CKB)2670000000106874 035 $a(EBL)742883 035 $a(OCoLC)745866172 035 $a(SSID)ssj0000528438 035 $a(PQKBManifestationID)11330018 035 $a(PQKBTitleCode)TC0000528438 035 $a(PQKBWorkID)10550203 035 $a(PQKB)10350037 035 $a(Au-PeEL)EBL742883 035 $a(CaPaEBR)ebr10490339 035 $a(CaONFJC)MIL320261 035 $a(MiAaPQ)EBC742883 035 $a(UkLoBP)BP9781350877917TARO 035 $a(EXLCZ)992670000000106874 100 $a20700327d1969 uy 0 101 0 $aeng 135 $aur|n|---||||| 181 $ctxt$2rdacontent 182 $cc$2rdamedia 183 $acr$2rdacarrier 200 12$aA commentary on the epistles of Peter and of Jude /$fJ.N.D. Kelly 205 $a1st ed. 210 1$aLondon :$cContinuum,$d1990. 210 2$aLondon :$cBloomsbury Publishing (UK),$d2026. 215 $a1 online resource (398 pages) 225 1 $aBlack's New Testament Commentaries 300 $aIncludes the texts of the epistles. 311 08$a0-7136-1285-1 320 $aIncludes bibliographical references and index. 327 $aCONTENTS; PREFACE; ABBREVIATIONS; INTRODUCTION TO 1 PETER; SELECT BIBLIOGRAPHY TO 1 PETER; THE FIRST EPISTLE OF PETER: TRANSLATION AND COMMENTARY; INTRODUCTION TO 2 PETER AND JUDE; SELECT BIBLIOGRAPHY TO 2 PETER AND JUDE; THE EPISTLE OF JUDE: TRANSLATION AND COMMENTARY; THE SECOND EPISTLE OF PETER: TRANSLATION AND COMMENTARY; INDEX 330 $aThis is part of a series of modern commentaries based on new English translations made by their respective editors. While adhering strictly to sound scholarship and doctrine, they intend, above all, to bring out the theological and religious message of the New Testament to the contemporary Church. 410 0$aBlack's New Testament Commentaries. 606 $aBible. New Testament 606 $aBiblical studies & exegesis$2bicssc 606 $aChristianity$2bicssc 606 $aNew Testaments$2bicssc 615 0$aBible. New Testament 615 7$aBiblical studies & exegesis 615 7$aChristianity 615 7$aNew Testaments 676 $a227.92 700 $aKelly$b J. N. D.$0772707 801 0$bUkLoBP 801 1$bUkLoBP 906 $aBOOK 912 $a9910970862903321 996 $aA commentary on the epistles of Peter and of Jude$94557546 997 $aUNINA